| 000 | 00703nam a2200205 i 4500 | ||
|---|---|---|---|
| 001 | 24041 | ||
| 003 | ES-MaACL | ||
| 005 | 20230906152957.0 | ||
| 007 | t| | ||
| 008 | 021213s1972 sp ||||1| spa d | ||
| 100 | 1 |
_aAmón, Santiago. _921284 |
|
| 245 | 1 | 0 |
_aJuan Daniel Fullaondo / _cSantiago Amón. |
| 260 |
_a[Madrid] : _bAlfaguara, _c[1972] |
||
| 300 |
_aXXI, 17-261 p., 1 lám. : _bgrab. apais. ; _c25 cm. |
||
| 490 | 1 |
_aNueva Forma. Biblioteca de Cultura. Colección de Arquitectura ; _v1 |
|
| 500 | _aPrecede a tít.: 1961-1971. | ||
| 830 | 0 |
_aNueva Forma. Biblioteca de Cultura. Colección de Arquitectura ; _v1 _9229068 |
|
| 852 |
_aES-MaACL _jC-53393 _bR.86476 |
||
| 999 |
_c24041 _d24041 |
||